| 000 | 004950000a22001810004500 | ||
|---|---|---|---|
| 003 | MACL | ||
| 005 | 20151231150728.0 | ||
| 008 | 151231b xxu||||| |||| 00| 0 eng d | ||
| 040 |
_aMACL _cMACL |
||
| 041 | _aEnglish | ||
| 082 | _a327.174/DEA | ||
| 100 |
_aDean, Arthur H _925807 |
||
| 245 |
_aTest Ban and Disarmament _bThe Path Of negotiation |
||
| 260 |
_bOxford & I B H Publication co _c1968 _aCalcutta |
||
| 350 | _a2 | ||
| 650 |
_aPolitical Science _925808 |
||
| 942 |
_cBK _k327.174/DEA _2ddc |
||
| 999 |
_c35598 _d35598 |
||